[Event "Aimchess Rapid Div 3 L"]
[Site "chess.com INT"]
[Date "2023.07.11"]
[Round "2.1"]
[White "Meier, Georg"]
[Black "Perez Ponsa, Federico"]
[Result "1/2-1/2"]
[WhiteTitle "GM"]
[BlackTitle "GM"]
[WhiteElo "2629"]
[BlackElo "2527"]
[WhiteFideId "4675789"]
[BlackFideId "117927"]
[EventDate "2023.07.10"]
[EventType "k.o."]

1. Nf3 Nf6 2. g3 g6 3. Bg2 Bg7 4. O-O O-O 5. d4 d6 6. b3 e5 7. dxe5 dxe5 8. Ba3
Qxd1 9. Rxd1 Re8 10. c4 e4 11. Nd4 Ng4 12. Nc3 e3 13. Nd5 Na6 14. fxe3 Nxe3 15.
Nxe3 Rxe3 16. Kf2 Re8 17. Rac1 Bf8 18. Bxf8 Kxf8 19. c5 c6 20. Nxc6 bxc6 21.
Bxc6 Be6 22. Rd6 Nc7 23. Rcd1 Rac8 24. Bxe8 Kxe8 25. R1d3 Nb5 26. Ra6 Rxc5 27.
a4 Nc3 28. Rxa7 Bxb3 29. a5 Bd5 30. a6 Ne4+ 31. Ke3 Nd6 32. Kf4 Ra5 33. e4 Nxe4
34. Rxd5 Rxd5 35. Rb7 Nc5 36. a7 Rf5+ 37. Ke3 Nxb7 38. a8=Q+ Nd8 39. g4 Rf6 40.
g5 Rf5 41. h4 f6 42. Qa4+ Kf8 43. Qa3+ Kg7 44. gxf6+ Rxf6 45. Qb2 Nf7 46. Qb7
Rf5 47. Ke2 Kh6 48. Kd2 Kh5 49. Qe7 Kg4 50. Qe2+ Kxh4 51. Qh2+ Kg5 52. Qxh7 Ne5
53. Ke2 Ng4 54. Qe7+ Kh5 55. Qh7+ Kg5 56. Qe7+ Kh5 57. Qh7+ Kg5 1/2-1/2

[Event "Aimchess Rapid Div 3 L"]
[Site "chess.com INT"]
[Date "2023.07.11"]
[Round "2.1"]
[White "Samadov, Read"]
[Black "Gareyev, Timur"]
[Result "0-1"]
[WhiteTitle "IM"]
[BlackTitle "GM"]
[WhiteElo "2482"]
[BlackElo "2581"]
[WhiteFideId "13417444"]
[BlackFideId "14200937"]
[EventDate "2023.07.10"]
[EventType "k.o."]

1. d4 e6 2. c4 Bb4+ 3. Bd2 Bxd2+ 4. Qxd2 Nf6 5. Nc3 O-O 6. Nf3 d6 7. g3 Qe7 8.
Bg2 e5 9. O-O c6 10. e4 Bg4 11. Nh4 Na6 12. h3 Bd7 13. Rad1 Nc7 14. Rfe1 Rfd8
15. b3 h6 16. Nf5 Qf8 17. Kh2 Bxf5 18. exf5 exd4 19. Qxd4 Rd7 20. Qf4 Rad8 21.
Rd3 d5 22. Red1 Qb4 23. Na4 b5 24. cxb5 Qxf4 25. gxf4 Nxb5 26. Rc1 Rc7 27. Nc5
a5 28. a4 Nd6 29. Na6 Rcc8 30. b4 axb4 31. Nxb4 Nc4 32. Ra1 Na5 33. Rc1 Nd7 34.
f6 Nxf6 35. Rc5 Ra8 36. Ra3 Rd6 37. Nd3 Nc4 38. Ra2 Nd7 39. Rxc6 Rxc6 40. Bxd5
Na5 41. Nb4 Rb6 42. Bxa8 Rxb4 43. Kg3 Nb6 44. Bf3 Nxa4 45. Rd2 Nc5 46. Rd5 Nab3
47. h4 Ne4+ 48. Kg2 Nf6 49. Rd8+ Kh7 50. Kg3 Nd4 51. Bd1 Nf5+ 0-1

[Event "Aimchess Rapid Div 3 L"]
[Site "chess.com INT"]
[Date "2023.07.11"]
[Round "2.1"]
[White "Smirnov, Pavel"]
[Black "Mekhitarian, Krikor Sevag"]
[Result "1-0"]
[WhiteTitle "GM"]
[BlackTitle "GM"]
[WhiteElo "2538"]
[BlackElo "2537"]
[WhiteFideId "4123425"]
[BlackFideId "2107660"]
[EventDate "2023.07.10"]
[EventType "k.o."]

1. d4 Nf6 2. c4 e6 3. g3 d5 4. Nf3 Be7 5. Bg2 O-O 6. Nc3 dxc4 7. Ne5 c5 8. dxc5
Qxd1+ 9. Nxd1 Bxc5 10. O-O Nc6 11. Bxc6 bxc6 12. Be3 Bb6 13. Bxb6 axb6 14. Nc3
c5 15. Nxc4 Rb8 16. a4 Ba6 17. Nb5 Nd5 18. Rfd1 g5 19. e4 Bxb5 20. axb5 Nc7 21.
Ne5 Rfd8 22. Nd7 Ra8 23. Rxa8 Rxa8 24. Nxb6 Rb8 25. Nd7 Rxb5 26. Ne5 Rxb2 27.
Rd8+ Kg7 28. Rd7 Nb5 29. Rxf7+ Kg8 30. Rd7 Nd4 31. Ng4 h5 32. Nf6+ Kf8 33. Nh7+
Ke8 34. Nf6+ Kf8 35. Kg2 h4 36. Rc7 h3+ 37. Kxh3 Rxf2 38. Nh7+ Ke8 39. Nxg5 Rc2
40. Kg4 c4 41. h4 c3 42. h5 Nb5 43. Rc5 Nd6 44. h6 Rh2 45. h7 c2 46. Rxc2 Rh6
47. Rc6 Nf7 48. Rc8+ Ke7 49. Rc7+ Kf6 50. Rxf7+ Kg6 51. Rf8 1-0

[Event "Aimchess Rapid Div 3 L"]
[Site "chess.com INT"]
[Date "2023.07.11"]
[Round "2.2"]
[White "Gabuzyan, Hovhannes"]
[Black "Gledura, Benjamin"]
[Result "1/2-1/2"]
[WhiteTitle "GM"]
[BlackTitle "GM"]
[WhiteElo "2579"]
[BlackElo "2645"]
[WhiteFideId "13303732"]
[BlackFideId "712779"]
[EventDate "2023.07.10"]
[EventType "k.o."]

1. g3 d5 2. Bg2 g6 3. Nf3 Bg7 4. d4 Nf6 5. c4 c6 6. cxd5 cxd5 7. Nc3 O-O 8. O-O
Ne4 9. Nd2 Nxd2 10. Bxd2 Be6 11. e3 Nc6 12. Rc1 Qd7 13. Re1 Rac8 14. Qa4 Rfd8
15. b4 b6 16. a3 h5 17. h4 Bf6 18. Kh2 Kg7 19. Ne2 Bf5 20. b5 Nb8 21. Qb3 e6 22.
Nf4 Rxc1 23. Rxc1 Rc8 24. a4 Rxc1 25. Bxc1 Qc8 26. Ba3 Nd7 27. Qb4 Qc2 28. Qd6
Qxf2 29. Qxd7 Bxh4 30. gxh4 Qxh4+ 31. Nh3 Bxh3 32. Qe7 g5 33. Qf8+ Kg6 34. Qg8+
Kf6 35. Qh8+ Kg6 36. Qg8+ Kf6 37. Qh8+ Kg6 38. Qg8+ 1/2-1/2

[Event "Aimchess Rapid Div 3 L"]
[Site "chess.com INT"]
[Date "2023.07.11"]
[Round "2.2"]
[White "Gareyev, Timur"]
[Black "Samadov, Read"]
[Result "1/2-1/2"]
[WhiteTitle "GM"]
[BlackTitle "IM"]
[WhiteElo "2581"]
[BlackElo "2482"]
[WhiteFideId "14200937"]
[BlackFideId "13417444"]
[EventDate "2023.07.10"]
[EventType "k.o."]

1. d4 Nf6 2. c4 g6 3. Nc3 Bg7 4. e4 d6 5. Be2 O-O 6. Nf3 h6 7. O-O e5 8. dxe5
dxe5 9. Qxd8 Rxd8 10. Nd5 Na6 11. Nxf6+ Bxf6 12. Bxh6 Nc5 13. Rfd1 Rxd1+ 14.
Rxd1 Nxe4 15. Be3 Be6 16. h4 Nd6 17. Ng5 Bxg5 18. hxg5 Nxc4 19. Bxc4 Bxc4 20.
Rc1 Bxa2 21. Rxc7 Bd5 22. Re7 e4 23. Rd7 Bc6 24. Rd6 Kf8 25. Kh2 a5 26. Bd4 Ke7
27. Bc5 Ke8 28. Bd4 a4 29. Bf6 Bd7 30. Rd4 Bc6 31. Kg3 b5 32. Kf4 Rb8 33. Be5
Rc8 34. Bf6 Rb8 35. Be5 Rb7 36. Bf6 Rd7 37. Rxd7 Kxd7 38. Ke5 e3 39. fxe3 Bxg2
40. Kd4 Kc6 41. Kc3 Bd5 42. Kb4 Kb6 43. Bd8+ Kc6 44. Bf6 Bc4 45. e4 Bb3 46. Kc3
Kd6 47. Kb4 Bc4 48. e5+ Kd5 49. Kc3 Ke4 50. Kb4 Kd3 51. Ka3 Kc2 52. Be7 Be6 53.
Bb4 Kd3 54. Bf8 Kd4 55. Bg7 Kc4 56. Bf8 Kd5 57. Bg7 Bh3 58. Kb4 Bf1 59. Bf6 Bc4
60. Bg7 Ke4 61. Bf6 Kf4 62. Kc3 Ke3 63. Kb4 Kd3 64. Ka3 Bb3 65. Be7 Kc2 66. Bf8
Bd5 67. Be7 Kd2 68. Bf8 Ke3 69. Be7 Kd4 70. Bf6 Kc4 71. Be7 Bf3 72. Bf8 Bd1 73.
Be7 Kd5 74. Bf6 Bc2 75. Kb4 Kc6 76. Be7 Bd3 77. Bf6 Kd5 78. Bg7 Bc4 79. Bf6 Ke6
80. Kc3 Kf5 81. Kb4 Ke4 82. Kc3 Kd5 83. Kb4 Kc6 84. Bg7 Be6 85. Bf6 Kb6 86. Bd8+
Ka6 87. Bf6 Bc4 88. Bd8 Kb7 89. Bf6 Kc6 90. Bd8 Kd5 91. Bf6 1/2-1/2

[Event "Aimchess Rapid Div 3 L"]
[Site "chess.com INT"]
[Date "2023.07.11"]
[Round "2.2"]
[White "Mekhitarian, Krikor Sevag"]
[Black "Smirnov, Pavel"]
[Result "1-0"]
[WhiteTitle "GM"]
[BlackTitle "GM"]
[WhiteElo "2537"]
[BlackElo "2538"]
[WhiteFideId "2107660"]
[BlackFideId "4123425"]
[EventDate "2023.07.10"]
[EventType "k.o."]

1. d4 Nf6 2. c4 e6 3. Nf3 d5 4. Nc3 c5 5. cxd5 cxd4 6. Qxd4 exd5 7. Bg5 Be7 8.
e3 O-O 9. Rd1 Be6 10. Qa4 h6 11. Bxf6 Bxf6 12. Nxd5 Bxd5 13. Qb5 Bc6 14. Rxd8
Bxb5 15. Rxf8+ Kxf8 16. Bxb5 Bxb2 17. Ke2 a6 18. Bd3 b5 19. Rb1 Bc3 20. Rc1 b4
21. Nd2 Nd7 22. Ne4 Bb2 23. Rc7 Ne5 24. Bc2 a5 25. f4 Ng6 26. Nd6 Ne7 27. Rb7
Rd8 28. Nc4 Bc3 29. Kf3 g5 30. Nxa5 gxf4 31. exf4 Rd2 32. Bb3 Rd3+ 33. Kg4 Rd2
34. Kh3 Rd4 35. g3 Rd2 36. Nc4 Rd3 37. Kg4 Rd8 38. Nb6 Rd6 39. Nd7+ Kg7 40. Nc5
Kf8 41. Kh3 Rd4 42. Nd7+ Ke8 43. Ne5 Rd2 44. Rb8+ Rd8 45. Bxf7+ 1-0

[Event "Aimchess Rapid Div 3 L"]
[Site "chess.com INT"]
[Date "2023.07.11"]
[Round "2.2"]
[White "Pantsulaia, Levan"]
[Black "Anton Guijarro, David"]
[Result "1-0"]
[WhiteTitle "GM"]
[BlackTitle "GM"]
[WhiteElo "2564"]
[BlackElo "2691"]
[WhiteFideId "13602071"]
[BlackFideId "2285525"]
[EventDate "2023.07.10"]
[EventType "k.o."]

1. Nf3 d5 2. c4 e6 3. b3 d4 4. g3 c5 5. e3 Nc6 6. exd4 cxd4 7. Bg2 Nf6 8. O-O
Bd6 9. d3 O-O 10. Re1 h6 11. Ba3 a5 12. Qc1 e5 13. Bxd6 Qxd6 14. Na3 Qc5 15. Nb5
Bf5 16. Qb1 Rad8 17. a3 Rfe8 18. Nd2 Re7 19. b4 axb4 20. Nb3 Qb6 21. axb4 Nxb4
22. Bf1 Na6 23. Qc1 Ree8 24. Qa3 e4 25. dxe4 Nxe4 26. c5 Naxc5 27. N3xd4 Bg6 28.
Rac1 Qf6 29. Qf3 Qxf3 30. Nxf3 b6 31. Nh4 Bh7 32. Nf3 g5 33. Nfd4 Nd2 34. Rxe8+
Rxe8 35. Bg2 Nd3 36. Ra1 Nc5 37. Nc7 Rd8 38. Nd5 Nc4 39. Nc6 Rd6 40. Nce7+ Kg7
41. Nc8 Re6 42. Rc1 Bd3 43. h3 b5 44. Na7 Nb3 45. Rc3 Nc5 46. Nxb5 Re1+ 47. Kh2
Re2 48. Nb4 Rxf2 49. Nxd3 Nxd3 50. Rxd3 Ne5 51. Re3 Nc4 52. Re1 Rb2 53. Nd4 Rd2
54. Nf5+ Kg6 55. Ne3 Ne5 56. Kh1 f5 57. Rf1 Rd3 58. Nxf5 Ra3 59. g4 Nd3 60. Ne7+
Kg7 61. Nd5 Ne5 62. Rf2 Ng6 63. Kh2 Nh4 64. Be4 Ra4 65. Nf6 Kf7 66. Bd5+ Ke7 67.
Ng8+ Kd6 68. Bh1 Ke5 69. Nxh6 Ra1 70. Nf7+ 1-0

[Event "Aimchess Rapid Div 3 L"]
[Site "chess.com INT"]
[Date "2023.07.11"]
[Round "2.2"]
[White "Perez Ponsa, Federico"]
[Black "Meier, Georg"]
[Result "1/2-1/2"]
[WhiteTitle "GM"]
[BlackTitle "GM"]
[WhiteElo "2527"]
[BlackElo "2629"]
[WhiteFideId "117927"]
[BlackFideId "4675789"]
[EventDate "2023.07.10"]
[EventType "k.o."]

1. e4 e6 2. d4 d5 3. Nc3 dxe4 4. Nxe4 Bd7 5. Nf3 Bc6 6. Bd3 Nd7 7. O-O Ngf6 8.
Ng3 Be7 9. c3 O-O 10. Re1 b6 11. Bf4 Bb7 12. Qe2 c5 13. Nf5 exf5 14. Qxe7 Bxf3
15. gxf3 cxd4 16. cxd4 Qxe7 17. Rxe7 Nd5 18. Rxd7 Nxf4 19. Bxf5 Rfd8 20. Re1 g6
21. Re4 Nh5 22. Rxd8+ Rxd8 23. Bh3 Kf8 24. Rh4 Nf6 25. Rf4 Nd5 26. Rh4 Kg7 27.
Re4 f5 28. Re1 Kf6 29. Rd1 Rc8 30. Bf1 Rc2 31. Rb1 Rd2 32. a3 Rxd4 33. Rc1 Rd2
34. b4 Ke5 35. Rc8 Ra2 36. Re8+ Kf6 37. Rd8 Nf4 38. Rd7 Rxa3 39. Rxh7 a5 40. Rb7
axb4 41. Rxb6+ Kg7 42. Rxb4 Rxf3 43. Bg2 Nxg2 44. Kxg2 Rd3 1/2-1/2

[Event "Aimchess Rapid Div 3 L"]
[Site "chess.com INT"]
[Date "2023.07.11"]
[Round "2.3"]
[White "Gledura, Benjamin"]
[Black "Gabuzyan, Hovhannes"]
[Result "1-0"]
[WhiteTitle "GM"]
[BlackTitle "GM"]
[WhiteElo "2645"]
[BlackElo "2579"]
[WhiteFideId "712779"]
[BlackFideId "13303732"]
[EventDate "2023.07.10"]
[EventType "k.o."]

1. d4 Nf6 2. c4 c5 3. d5 a6 4. Nf3 b5 5. e4 Nxe4 6. Bd3 Nd6 7. O-O bxc4 8. Bc2
g6 9. Bf4 Bg7 10. Bxd6 exd6 11. Re1+ Kf8 12. Nc3 a5 13. Re4 Na6 14. Nb5 Qb6 15.
Qe2 Bb7 16. Re1 Bf6 17. Rf4 Kg7 18. Rxf6 Rhe8 19. Ne5 Bxd5 20. Nxd6 Qxb2 21.
Nxe8+ Rxe8 22. Rxa6 f6 23. Rd6 Rxe5 24. Rxd7+ Kh6 25. Qd2+ 1-0

[Event "Aimchess Rapid Div 3 L"]
[Site "chess.com INT"]
[Date "2023.07.11"]
[Round "2.3"]
[White "Meier, Georg"]
[Black "Perez Ponsa, Federico"]
[Result "1/2-1/2"]
[WhiteTitle "GM"]
[BlackTitle "GM"]
[WhiteElo "2629"]
[BlackElo "2527"]
[WhiteFideId "4675789"]
[BlackFideId "117927"]
[EventDate "2023.07.10"]
[EventType "k.o."]

1. Nf3 Nf6 2. g3 g6 3. b3 d5 4. Bb2 Bg7 5. c4 dxc4 6. bxc4 c5 7. Bg2 Nc6 8. Ne5
Nxe5 9. Bxe5 O-O 10. Nc3 Ne8 11. Bxg7 Kxg7 12. O-O Qd4 13. Qb3 Nd6 14. d3 Be6
15. a4 Rab8 16. Qa3 h5 17. h4 Nf5 18. Ne4 b6 19. e3 Qe5 20. Qc3 Qxc3 21. Nxc3
Rfd8 22. Rfd1 Rd7 23. Bc6 Rc7 24. Bd5 Bxd5 25. cxd5 a6 26. Rdc1 b5 27. axb5 axb5
28. Ne4 c4 29. dxc4 bxc4 30. Ra6 Rd8 31. Rc6 Ra7 32. Nc3 Nd6 33. e4 Rb7 34. e5
Nb5 35. Rb1 Rdb8 36. Ne4 Nd4 37. Rxb7 Rxb7 38. Rxc4 Nf3+ 39. Kg2 Nxe5 40. Rc5
Rd7 41. Kf1 Ng4 42. Ke2 Nf6 43. Nc3 Rd6 44. Kf3 Nd7 45. Rc7 Nf6 46. Rc5 Nd7 47.
Ra5 Nf6 48. Kf4 Rd8 49. Rc5 Rd7 50. f3 Rd8 51. Ke3 Nd7 52. Ra5 Nf6 53. Rc5 Nd7
54. Rc6 Nf6 55. Kd4 Nxd5 56. Nxd5 e6 57. Rc5 exd5 58. Rxd5 Ra8 1/2-1/2

[Event "Aimchess Rapid Div 3 L"]
[Site "chess.com INT"]
[Date "2023.07.11"]
[Round "2.3"]
[White "Smirnov, Pavel"]
[Black "Mekhitarian, Krikor Sevag"]
[Result "1-0"]
[WhiteTitle "GM"]
[BlackTitle "GM"]
[WhiteElo "2538"]
[BlackElo "2537"]
[WhiteFideId "4123425"]
[BlackFideId "2107660"]
[EventDate "2023.07.10"]
[EventType "k.o."]

1. d4 Nf6 2. c4 e6 3. g3 d5 4. Nf3 Be7 5. Bg2 O-O 6. b3 c5 7. O-O cxd4 8. cxd5
Nxd5 9. Nxd4 Bf6 10. Bb2 Bd7 11. Na3 Nc6 12. Nc4 Nxd4 13. Bxd4 Bc6 14. Rc1 Bxd4
15. Qxd4 Qe7 16. e4 Nf6 17. e5 Nd5 18. Rfe1 Rfd8 19. Nd6 Qd7 20. Red1 a5 21. h4
h6 22. Be4 Ne7 23. Bb1 Nf5 24. Bxf5 exf5 25. Qf4 Qe6 26. Nxf5 Rxd1+ 27. Rxd1 Re8
28. Qg4 Qxe5 29. Kh2 Kh7 30. Ne3 Qf6 31. Rd2 Qe5 32. Qc4 Qf6 33. Qg4 Qe5 34. Rd4
Re6 35. Rf4 Rf6 36. Rxf6 Qxf6 37. Qf5+ Qxf5 38. Nxf5 Bd5 39. Nd4 Kg6 40. f4 Kf6
41. Kg1 g5 42. hxg5+ hxg5 43. Kf2 gxf4 44. gxf4 Ke7 45. Ke3 Kd6 46. Nc2 Kc5 47.
Ne1 b5 48. Nd3+ Kd6 49. Kd4 f6 50. Nc5 Kc6 51. Ne4 f5 52. Ng3 Bf7 53. Nxf5 b4
54. Ke5 a4 55. Nd4+ Kc5 56. f5 axb3 57. axb3 Bd5 58. Ne6+ Kc6 59. f6 1-0

[Event "Aimchess Rapid Div 3 L"]
[Site "chess.com INT"]
[Date "2023.07.11"]
[Round "3.1"]
[White "Andreikin, Dmitry"]
[Black "Perez Ponsa, Federico"]
[Result "1/2-1/2"]
[WhiteTitle "GM"]
[BlackTitle "GM"]
[WhiteElo "2729"]
[BlackElo "2527"]
[WhiteFideId "4158814"]
[BlackFideId "117927"]
[EventDate "2023.07.10"]
[EventType "k.o."]

1. e4 c6 2. Nf3 d5 3. d3 dxe4 4. dxe4 Qxd1+ 5. Kxd1 Nf6 6. Nfd2 h5 7. f3 g5 8.
Nc3 Nbd7 9. Nc4 g4 10. a4 Nb6 11. Be3 Nxc4 12. Bxc4 Bh6 13. Ke2 Nd7 14. f4 e5
15. f5 Bxe3 16. Kxe3 Ke7 17. a5 Nf6 18. Na4 Bd7 19. Nc5 Bc8 20. Rhd1 Rb8 21. Ra3
Rg8 22. Rb3 g3 23. h3 h4 24. a6 b6 25. Nd3 Rd8 26. Re1 Rd4 27. Nxe5 Rxe4+ 28.
Kd2 Rxe1 29. Kxe1 Kd6 30. Nxf7+ Kc5 31. Bd3 b5 32. Ne5 Bxf5 33. Rc3+ Kd5 34.
Nxc6 Re8+ 35. Kf1 Ne4 36. Nb4+ Kd6 37. Rc6+ Kd7 38. Kg1 Nd6 39. Kf1 Bxd3+ 40.
cxd3 Nf5 41. Rc1 Nd4 42. Nd5 Rf8+ 43. Ke1 Rf2 44. Nb6+ axb6 45. a7 Rf8 46. Kd1
Ra8 47. Ra1 Nc6 48. Ke2 Rxa7 49. Rxa7+ Nxa7 50. Kf3 Nc6 51. Kg4 Ne5+ 52. Kxh4
Nxd3 53. Kxg3 Nxb2 54. Kf3 b4 55. Ke3 b3 56. h4 b5 57. h5 Ke6 58. Kd2 Nc4+ 59.
Kc3 b2 60. Kc2 Kf6 61. g4 Kg5 62. Kb1 Kh6 63. Kc2 Kg7 64. g5 Kf7 65. h6 Kg6 66.
Kb1 Kh7 67. Kc2 Kg6 68. Kb1 Kf7 69. Kc2 b4 70. h7 Kg7 71. g6 Kh8 72. Kb1 Kg7 73.
Kc2 b3+ 74. Kb1 Kh8 75. g7+ Kxg7 76. h8=Q+ Kxh8 1/2-1/2

[Event "Aimchess Rapid Div 3 L"]
[Site "chess.com INT"]
[Date "2023.07.11"]
[Round "3.1"]
[White "Durarbayli, Vasif"]
[Black "Gledura, Benjamin"]
[Result "1-0"]
[WhiteTitle "GM"]
[BlackTitle "GM"]
[WhiteElo "2631"]
[BlackElo "2645"]
[WhiteFideId "13402935"]
[BlackFideId "712779"]
[EventDate "2023.07.10"]
[EventType "k.o."]

1. e4 e5 2. Nf3 Nc6 3. Bb5 a6 4. Ba4 Nf6 5. O-O Nxe4 6. d4 b5 7. Bb3 d5 8. dxe5
Be6 9. c3 Be7 10. Re1 O-O 11. Nd4 Nxe5 12. f3 c5 13. Nxe6 fxe6 14. fxe4 c4 15.
Bc2 Bh4 16. Be3 Bxe1 17. Qxe1 Ng4 18. h3 Nxe3 19. Qxe3 b4 20. Nd2 bxc3 21. bxc3
Rb8 22. exd5 exd5 23. Nf3 Qf6 24. Qd2 Kh8 25. Rd1 Rb2 26. a4 Qf4 27. Qxf4 Rxf4
28. Rxd5 g6 29. Rd8+ Kg7 30. Rd2 Rf7 31. Ne5 Rc7 32. Kf2 Kf6 33. Ng4+ Kg7 34.
Ne3 Ra2 35. Ke2 Re7 36. Kf3 Ra3 37. Nd5 Re1 38. Re2 Rc1 39. Ke4 a5 40. Kd4 Ra2
41. Ne3 1-0

[Event "Aimchess Rapid Div 3 L"]
[Site "chess.com INT"]
[Date "2023.07.11"]
[Round "3.1"]
[White "Pantsulaia, Levan"]
[Black "Kramnik, Vladimir"]
[Result "1/2-1/2"]
[WhiteTitle "GM"]
[BlackTitle "GM"]
[WhiteElo "2564"]
[BlackElo "2753"]
[WhiteFideId "13602071"]
[BlackFideId "4101588"]
[EventDate "2023.07.10"]
[EventType "k.o."]

1. Nf3 c5 2. c4 Nf6 3. g3 b6 4. Bg2 Bb7 5. O-O e6 6. Nc3 Be7 7. d4 cxd4 8. Qxd4
d6 9. Rd1 a6 10. b3 Nbd7 11. Bb2 O-O 12. Ng5 Bxg2 13. Kxg2 Qc7 14. f3 Rfd8 15.
Nge4 Nc5 16. Rac1 Qb7 17. Qe3 d5 18. cxd5 exd5 19. Nxf6+ Bxf6 20. Na4 Re8 21.
Qd2 d4 22. Nxc5 bxc5 23. Rxc5 Rad8 24. Rc2 h5 25. Qd3 Re3 26. Qc4 Qd7 27. Qxa6
h4 28. Bc1 h3+ 29. Kf1 Qf5 30. Rd3 Re6 31. Qc4 Ree8 32. b4 Be5 33. b5 Rc8 34.
Qb3 Bxg3 35. hxg3 h2 36. Kg2 Qh3+ 37. Kxh3 h1=Q+ 38. Kg4 g6 39. Bg5 Qh5+ 40. Kf4
Qh3 41. Qd5 Rxc2 42. Rxd4 Rcxe2 43. b6 Qc8 44. a4 R2e5 45. Qxe5 Rxe5 46. Kxe5
Qf5+ 47. Kd6 Qxg5 48. b7 Qd8+ 49. Kc6 Qe8+ 50. Rd7 Kg7 51. a5 Qe6+ 52. Kc7 Qc4+
53. Kd8 Qb4 54. a6 Qb6+ 55. Rc7 Kf6 56. Kd7 Kg7 57. g4 Qb5+ 58. Kd8 Qb6 59. Kd7
g5 60. Rc6 Qb5 61. Kc7 Qe5+ 62. Kc8 Qe8+ 63. Kc7 Qe5+ 64. Kb6 Qd4+ 65. Rc5 Qd6+
66. Kb5 Qd7+ 67. Ka5 Qd2+ 68. Kb5 Qd7+ 69. Kb6 Qd6+ 70. Rc6 Qd4+ 71. Kc7 Qe5+ 1/2-1/2

[Event "Aimchess Rapid Div 3 L"]
[Site "chess.com INT"]
[Date "2023.07.11"]
[Round "3.1"]
[White "Smirnov, Pavel"]
[Black "Gareyev, Timur"]
[Result "0-1"]
[WhiteTitle "GM"]
[BlackTitle "GM"]
[WhiteElo "2538"]
[BlackElo "2581"]
[WhiteFideId "4123425"]
[BlackFideId "14200937"]
[EventDate "2023.07.10"]
[EventType "k.o."]

1. d4 Nf6 2. c4 e6 3. g3 c5 4. Nf3 cxd4 5. Nxd4 d5 6. Bg2 e5 7. Nf3 d4 8. O-O
Nc6 9. e3 Be7 10. exd4 exd4 11. Bf4 O-O 12. Ne5 Be6 13. Bxc6 bxc6 14. Nxc6 Qd7
15. Nxe7+ Qxe7 16. Nd2 Bh3 17. Re1 Qb7 18. Qf3 Qxb2 19. Qb3 Qc3 20. Rac1 Rfe8
21. Red1 Qa5 22. Nf3 Rad8 23. c5 Ne4 24. Rxd4 Rxd4 25. Nxd4 Nxc5 26. Qb1 Nd3 27.
Rd1 Qd5 0-1

[Event "Aimchess Rapid Div 3 L"]
[Site "chess.com INT"]
[Date "2023.07.11"]
[Round "3.2"]
[White "Gareyev, Timur"]
[Black "Smirnov, Pavel"]
[Result "0-1"]
[WhiteTitle "GM"]
[BlackTitle "GM"]
[WhiteElo "2581"]
[BlackElo "2538"]
[WhiteFideId "14200937"]
[BlackFideId "4123425"]
[EventDate "2023.07.10"]
[EventType "k.o."]

1. d4 Nf6 2. c4 e6 3. Nf3 d5 4. e3 b6 5. Nc3 Bb7 6. cxd5 exd5 7. Bb5+ c6 8. Bd3
Nbd7 9. O-O Be7 10. e4 dxe4 11. Nxe4 Nxe4 12. Bxe4 Nf6 13. Bc2 O-O 14. Bg5 Nd5
15. Qd2 f6 16. Qd3 g6 17. Bh6 Rf7 18. a3 Bf8 19. Bxf8 Qxf8 20. Rfe1 Rd8 21. Bb3
Kh8 22. Rac1 Rfd7 23. Qd2 Qg7 24. h4 Rd6 25. Re4 Nc7 26. Rce1 R6d7 27. Qe2 c5
28. Re7 Bxf3 29. Rxd7 Qxd7 30. Qxf3 Kg7 31. dxc5 bxc5 32. h5 Qd6 33. g3 Rd7 34.
Kg2 Qb6 35. Re3 Qd6 36. Bc4 Qb6 37. Bb3 a6 38. Ba4 Nb5 39. b4 c4 40. Qe4 Qc7 41.
hxg6 hxg6 42. Qf3 Rd6 43. Qe2 Rd7 44. Qf3 Qd6 45. Qe4 Rc7 46. Qf3 c3 47. Bxb5 c2
48. Rd3 Qe5 49. Re3 Qxb5 50. Re6 Qf5 0-1

[Event "Aimchess Rapid Div 3 L"]
[Site "chess.com INT"]
[Date "2023.07.11"]
[Round "3.2"]
[White "Gledura, Benjamin"]
[Black "Durarbayli, Vasif"]
[Result "1-0"]
[WhiteTitle "GM"]
[BlackTitle "GM"]
[WhiteElo "2645"]
[BlackElo "2631"]
[WhiteFideId "712779"]
[BlackFideId "13402935"]
[EventDate "2023.07.10"]
[EventType "k.o."]

1. d4 Nf6 2. c4 e6 3. Nc3 Bb4 4. e3 O-O 5. a3 Bxc3+ 6. bxc3 c5 7. Bd3 Nc6 8. Ne2
b6 9. e4 Ne8 10. O-O Ba6 11. Nf4 cxd4 12. cxd4 Nxd4 13. Bb2 e5 14. Nd5 Nc7 15.
f4 d6 16. Qh5 Nxd5 17. exd5 g6 18. Qh6 f5 19. g4 Qc7 20. fxe5 dxe5 21. gxf5 Bxc4
22. Rac1 b5 23. fxg6 Rxf1+ 24. Bxf1 Qg7 25. Qxh7+ Qxh7 26. gxh7+ Kxh7 27. Bxc4
bxc4 28. Bxd4 exd4 29. Rxc4 Kg6 30. Rxd4 Kf6 31. d6 Ke6 32. d7 Rd8 33. Kf2 Rxd7
34. Rxd7 Kxd7 35. Ke3 Ke6 36. Kd4 Kf5 37. Kc5 Kg4 38. Kb5 1-0

[Event "Aimchess Rapid Div 3 L"]
[Site "chess.com INT"]
[Date "2023.07.11"]
[Round "3.2"]
[White "Kramnik, Vladimir"]
[Black "Pantsulaia, Levan"]
[Result "1/2-1/2"]
[WhiteTitle "GM"]
[BlackTitle "GM"]
[WhiteElo "2753"]
[BlackElo "2564"]
[WhiteFideId "4101588"]
[BlackFideId "13602071"]
[EventDate "2023.07.10"]
[EventType "k.o."]

1. c4 c5 2. g3 g6 3. Bg2 Bg7 4. Nc3 Nc6 5. d3 b6 6. Nf3 Bb7 7. O-O Nh6 8. d4
Nxd4 9. Nxd4 Bxg2 10. Kxg2 cxd4 11. Bxh6 Bxh6 12. Qxd4 O-O 13. Rad1 d6 14. b3
Bg7 15. Qe3 Bxc3 16. Qxc3 Rc8 17. a4 Rc5 18. f3 Qc7 19. Qe3 a6 20. Rd4 Re5 21.
Qd2 Qc5 22. Rd1 h5 23. e4 Qc6 24. Rd5 Rxd5 25. exd5 Qc5 26. Re1 Re8 27. h4 e5
28. dxe6 Rxe6 29. Rxe6 fxe6 30. Qc3 Kf7 31. b4 Qc6 32. Qb3 d5 33. cxd5 exd5 34.
Qe3 Qxa4 35. Qxb6 Qc2+ 36. Qf2 Qc4 37. Qa7+ Kf6 38. Qb6+ Kf5 39. Qe3 Kf6 40.
Qb6+ Kf5 41. Qe3 Kf6 42. Qb6+ 1/2-1/2

[Event "Aimchess Rapid Div 3 L"]
[Site "chess.com INT"]
[Date "2023.07.11"]
[Round "3.2"]
[White "Perez Ponsa, Federico"]
[Black "Andreikin, Dmitry"]
[Result "1/2-1/2"]
[WhiteTitle "GM"]
[BlackTitle "GM"]
[WhiteElo "2527"]
[BlackElo "2729"]
[WhiteFideId "117927"]
[BlackFideId "4158814"]
[EventDate "2023.07.10"]
[EventType "k.o."]

1. e4 e5 2. Nf3 Nc6 3. d4 exd4 4. Nxd4 Qf6 5. Nb5 Bc5 6. Qe2 Bb6 7. N1c3 Nge7 8.
Be3 Ba5 9. O-O-O a6 10. Nd5 Nxd5 11. exd5 axb5 12. Bd4+ Qe7 13. dxc6 Qxe2 14.
Bxe2 bxc6 15. Bxg7 Rg8 16. Be5 d6 17. Bf3 Ra6 18. Bd4 Bg4 19. Bxg4 Rxg4 20. g3
c5 21. Be3 Ra4 22. a3 b4 23. axb4 cxb4 24. b3 Ra2 25. Rhe1 Kd7 26. Bd4 Bb6 27.
Bxb6 Rxb6 28. Rd4 Rb5 29. Ree4 Ra1+ 30. Kb2 Rh1 31. Rxb4 Rxb4 32. Rxb4 Rxh2 33.
Rf4 Ke6 34. b4 f5 35. Kb3 h5 36. Kc4 h4 37. gxh4 Ke5 38. Rf3 f4 39. Kb5 c5 40.
bxc5 dxc5 41. Kxc5 Ke4 42. Ra3 Rxf2 43. c4 f3 44. Ra1 Rh2 45. Kb6 Rxh4 46. c5
Kd5 47. Rd1+ Rd4 48. Rxd4+ Kxd4 49. c6 f2 50. c7 f1=Q 51. c8=Q Qb1+ 52. Ka7 Qa2+
53. Qa6 Qxa6+ 54. Kxa6 1/2-1/2